| 000 | 00000nam 2200000za 4500 |
| 001 | 9.864877 |
| 003 | CaOODSP |
| 005 | 20221107161649 |
| 007 | cr ||||||||||| |
| 008 | 181119s2001 oncab ob f000 0 fre d |
| 020 | |z0662862198|q(imprimé) |
| 040 | |aCaOODSP|bfre |
| 043 | |an-cn--- |
| 086 | 1 |aEn40-215/63F-PDF|zEn40-215/63F |
| 245 | 00|aSels de voirie |h[ressource électronique] / |cEnvironnement Canada, Santé Canada. |
| 260 | |a[Ottawa] : |bEnvironnement Canada, |c2001. |
| 300 | |axiv, 188 p. : |bcartes en coul., ill. |
| 490 | 1 |aListe des substances d'intérêt prioritaire, rapport d'évaluation |
| 500 | |aPubl. aussi en anglais sous le titre : Road salts. |
| 500 | |aEn tête du titre : Loi canadienne sur la protection de l'environnement (1999). |
| 500 | |aÉdition numérisée de l'imprimé [par Environnement et changement climatique Canada]. |
| 504 | |aComprend des références bibliographiques (p. 159-184). |
| 530 | |aÉgalement publ. en version imprimée. |
| 693 | 4|aFondants chimiques--Aspect de l'environnement |
| 693 | 4|aSels--Aspect de l'environnement |
| 693 | 4|aFondants chimiques--Toxicologie |
| 693 | 4|aSels--Toxicologie |
| 693 | 4|aEnvironnement--Surveillance |
| 710 | 1 |aCanada. |bEnvironnement Canada. |
| 710 | 1 |aCanada. |bSanté Canada. |
| 775 | 08|tRoad salts |w(CaOODSP)9.864876 |
| 830 | #0|aListe des substances d'intérêt prioritaire, rapport d'évaluation.|w(CaOODSP)9.500862 |
| 856 | 40|qPDF|s15.43 Mo|uhttps://publications.gc.ca/collections/collection_2018/eccc/En40-215-63-fra.pdf |